Effectif Manchester United saison 25/26 - Statistiques

Statistiques générales
  • Ce quiz a été pris 168 fois
  • Le résultat moyen est 19 sur 26
Statistiques - réponses
Hint Réponse % Correct
MOC Bruno Fernandes
94%
AD Bryan Mbeumo
94%
DC Harry Maguire
93%
MDC Casemiro
90%
DC Leny Yoro
90%
MC Kobbie Mainoo
89%
DD Diogo Dalot
88%
BU Benjamin Sesko
87%
BU Matheus Cunha
87%
DG Luke Shaw
84%
AD Amad Diallo
83%
DC Lisandro Martinez
79%
G André Onana
78%
DG Patrick Dorgu
78%
BU Joshua Zirkzee
76%
G Altay Bayindir
75%
MOC Mason Mount
75%
G Senne Lammens
75%
MDC Manuel Ugarte
74%
DD Noussair Mazraoui
73%
DC Matthijs de Ligt
72%
DC Ayden Heaven
58%
DG Tyrell Malacia
53%
BU Chido Obi
51%
DG Diego Leon
34%
DC Tyler Fredricson
19%
Aucun quiz correspondant
Distribution des résultats
% des personnes avec chaque résultat
Percentile par nombre de réponses
Votre historique - résultats
Vous n’avez pas pris ce quiz